000 00461nam a2200181Ia 4500
001 22437
005 20260414150831.0
008 260414t2009||||xx |||||||||||||| ||spa||
041 _aESP
082 _a621.3813
_bC75
100 _aColantonio, Paolo
_eAUT
245 0 _aHigh efficiency RF and microwave solid state power amplifiers
_b
260 _c2009
300 _a498 páginas :
_c25 cm.
650 _aTCA
654 _aCET
942 _cLIB
_dJUS
_fJUS
_2ddc
_n
999 _c22437
_d22437